[Event "EU-ch U18 26th"]
[Site "Prague"]
[Date "2016.08.26"]
[Round "8"]
[White "Lukic, Lazar"]
[Black "Nastase, Robert Paul"]
[Result "0-1"]
[WhiteElo "1939"]
[BlackElo "2163"]
[PlyCount "54"]
[EventDate "2016.08.18"]
[EventType "swiss"]
[EventRounds "9"]
[EventCountry "CZE"]
[SourceTitle "CBM 174 Extra"]
[Source "ChessBase"]
[SourceDate "2016.10.10"]
[SourceVersion "1"]
[SourceVersionDate "2016.10.10"]
[SourceQuality "1"]

1. e4 e6 2. d3 c5 3. g3 Nc6 4. Bg2 g6 5. f4 Bg7 6. Nf3 Nge7 7. 0-0 b6 8. c3 d5 9. Na3 0-0 10. e5 Ba6 11. Re1 b5 12. Nc2 b4 13. d4 bxc3 14. bxc3 Qa5 15. Ba3 cxd4 16. cxd4 Rfc8 17. Bc5 Rab8 18. Nd2 Rb2 19. Re3 Nxd4 20. Bxd4 Rbxc2 21. Nb3 Qc7 22. Re1 Nf5 23. Bf2 Rxf2 24. Kxf2 Qb6+ 25. Kf3 Rc3+ 26. Kg4 Qf2 27. Qd2 Qxg3+ 0-1

[Event "EU-ch U18 26th"]
[Site "Prague"]
[Date "2016.08.25"]
[Round "7"]
[White "Pozun, Matej"]
[Black "Lukic, Lazar"]
[Result "1-0"]
[WhiteElo "2078"]
[BlackElo "1939"]
[PlyCount "47"]
[EventDate "2016.08.18"]
[EventType "swiss"]
[EventRounds "9"]
[EventCountry "CZE"]
[SourceTitle "CBM 174 Extra"]
[Source "ChessBase"]
[SourceDate "2016.10.10"]
[SourceVersion "1"]
[SourceVersionDate "2016.10.10"]
[SourceQuality "1"]

1. e4 e5 2. Nf3 Nc6 3. Bb5 a6 4. Ba4 Nge7 5. c3 g6 6. d4 exd4 7. cxd4 b5 8. Bb3 Bg7 9. 0-0 d6 10. h3 0-0 11. Nc3 Na5 12. Bc2 Bb7 13. b3 c5 14. Be3 f5 15. Bg5 b4 16. Nd5 Bxd5 17. exd5 Re8 18. dxc5 Bxa1 19. Qxa1 Qd7 20. c6 Nexc6 21. dxc6 Nxc6 22. Rd1 d5 23. Bd3 Re6 24. Bc4 1-0

[Event "EU-ch U18 26th"]
[Site "Prague"]
[Date "2016.08.22"]
[Round "5"]
[White "Jonsson, Gauti Pall"]
[Black "Lukic, Lazar"]
[Result "0-1"]
[WhiteElo "2075"]
[BlackElo "1939"]
[PlyCount "112"]
[EventDate "2016.08.18"]
[EventType "swiss"]
[EventRounds "9"]
[EventCountry "CZE"]
[SourceTitle "CBM 174 Extra"]
[Source "ChessBase"]
[SourceDate "2016.10.10"]
[SourceVersion "1"]
[SourceVersionDate "2016.10.10"]
[SourceQuality "1"]

1. e4 e5 2. Nf3 Nc6 3. d4 exd4 4. Nxd4 Bc5 5. Be3 Qf6 6. c3 Nge7 7. Bc4 b6 8. 0-0 Bb7 9. f4 0-0-0 10. e5 Qh6 11. Qe2 Bxd4 12. cxd4 Nf5 13. Ba6 Ncxd4 14. Bxd4 Nxd4 15. Qe4 Nc6 16. Bxb7+ Kxb7 17. b4 Kb8 18. b5 Na5 19. Nc3 Qe6 20. Rac1 Nb7 21. f5 Qe8 22. Nd5 Nc5 23. Rxc5 bxc5 24. a4 f6 25. e6 dxe6 26. fxe6 Rd6 27. Re1 Qh5 28. Ne7 Qe5 29. Nc6+ Rxc6 30. bxc6 Qxe4 31. Rxe4 a5 32. e7 Re8 33. Re6 Ka7 34. Kf2 Kb6 35. Ke3 c4 36. Kd4 c3 37. Kxc3 Kc5 38. g4 Kd5 39. Re3 Kxc6 40. Kc4 Kd6 41. Kb5 Rxe7 42. Rxe7 Kxe7 43. Kxa5 Kd7 44. Kb5 g6 45. a5 Kc8 46. Kc6 f5 47. gxf5 gxf5 48. Kd5 Kb7 49. Ke5 Ka6 50. Kxf5 Kxa5 51. h4 c5 52. h5 c4 53. h6 c3 54. Kf6 c2 55. Kg7 c1Q 56. Kxh7 Qg5 0-1

[Event "MNT-ch U18 22nd"]
[Site "Cetinje"]
[Date "2016.05.01"]
[Round "5"]
[White "Tosic, Danilo"]
[Black "Lukic, Lazar"]
[Result "1/2-1/2"]
[WhiteElo "1879"]
[BlackElo "1891"]
[PlyCount "37"]
[EventDate "2016.04.29"]
[EventType "tourn"]
[EventRounds "5"]
[EventCountry "MNE"]
[SourceTitle "EXT 2018"]
[Source "ChessBase"]
[SourceDate "2017.10.13"]
[SourceVersion "1"]
[SourceVersionDate "2017.10.13"]
[SourceQuality "1"]

1. Nc3 e5 2. b3 g6 3. Bb2 Bg7 4. e4 Nf6 5. Nf3 d6 6. Bc4 0-0 7. d3 c6 8. a4 Nbd7 9. h4 Nb6 10. Ng5 Bd7 11. Bxf7+ Rxf7 12. Nxf7 Kxf7 13. Qf3 Bg4 14. Qg3 Bh6 15. f3 Bf4 16. Qf2 Be6 17. g3 Bh6 18. g4 Bg7 19. h5 1/2-1/2

[Event "EU-ch U16 25th"]
[Site "Porec"]
[Date "2015.09.27"]
[Round "6"]
[White "Lukic, Lazar"]
[Black "Skuhala, Luka"]
[Result "0-1"]
[WhiteElo "1903"]
[BlackElo "2028"]
[PlyCount "114"]
[EventDate "2015.09.21"]
[EventType "swiss"]
[EventRounds "9"]
[EventCountry "CRO"]
[SourceTitle "EXT 2016"]
[Source "ChessBase"]
[SourceDate "2015.10.08"]
[SourceVersion "1"]
[SourceVersionDate "2015.10.08"]
[SourceQuality "1"]

1. e4 c5 2. Nf3 d6 3. d4 cxd4 4. Nxd4 Nf6 5. Nc3 a6 6. Be2 e5 7. Nb3 Be7 8. 0-0 0-0 9. Be3 Be6 10. f4 exf4 11. Bxf4 Nc6 12. Qe1 Ne5 13. Rd1 Qc7 14. Kh1 Ng6 15. Bg3 Rfd8 16. Nd4 b5 17. a3 Rac8 18. Bf3 Bc4 19. Rf2 Ne5 20. Rfd2 Be6 21. Bxe5 dxe5 22. Nxe6 fxe6 23. Ne2 Rxd2 24. Rxd2 a5 25. Qd1 Qc4 26. Ng3 Qc6 27. h3 b4 28. axb4 axb4 29. Kh2 g6 30. Qe2 Bc5 31. Qd3 Bd4 32. c3 bxc3 33. bxc3 Qxc3 34. Qxc3 Rxc3 35. Ne2 Rc4 36. Ra2 Be3 37. Ra5 Bc5 38. Ng3 Kf7 39. Rb5 h5 40. h4 Rc1 41. Ne2 Rc2 42. Ng3 Ng4+ 43. Bxg4 hxg4 44. Rb1 Be3 45. Rb3 Bf4 46. Kg1 Kf6 47. Kf1 g5 48. h5 Kg7 49. Rb7+ Kh6 50. Rb3 Bxg3 51. Rxg3 Kxh5 52. Rb3 Kh4 53. Rb5 g3 54. Rxe5 Rf2+ 55. Ke1 Rxg2 56. Rxe6 Ra2 57. Kf1 g2+ 0-1

[Event "MNT-ch U20"]
[Site "Pljevlja"]
[Date "2015.06.17"]
[Round "5"]
[White "Tomic, Aleksandar1111"]
[Black "Lukic, Lazar"]
[Result "1-0"]
[WhiteElo "2277"]
[BlackElo "1965"]
[PlyCount "99"]
[EventDate "2015.06.15"]
[EventType "swiss"]
[EventRounds "7"]
[EventCountry "MNE"]
[SourceTitle "EXT 2018"]
[Source "ChessBase"]
[SourceDate "2017.10.13"]
[SourceVersion "1"]
[SourceVersionDate "2017.10.13"]
[SourceQuality "1"]

1. d4 d5 2. c4 e6 3. Nc3 Nf6 4. Nf3 Be7 5. Bg5 0-0 6. e3 h6 7. Bh4 b6 8. Qc2 Nbd7 9. 0-0-0 Bb7 10. Bd3 c5 11. cxd5 Nxd5 12. Bxe7 Qxe7 13. Nxd5 exd5 14. Kb1 Rac8 15. dxc5 bxc5 16. Bf5 Rc7 17. Nd4 a6 18. h4 Ne5 19. Rc1 Bc8 20. Ne2 Bxf5 21. Qxf5 Qe6 22. Qc2 Nc4 23. Ka1 Rb8 24. Nf4 Qe5 25. Qc3 Qxc3 26. Rxc3 Rd8 27. Rd1 Nb6 28. h5 Kf8 29. Ra3 Ra7 30. Ra5 d4 31. Rxc5 Rad7 32. b3 dxe3 33. Rxd7 Nxd7 34. Rf5 Nf6 35. fxe3 Re8 36. Ra5 Rxe3 37. Rxa6 Re4 38. Ra8+ Ke7 39. Ra7+ Ke8 40. g3 Re3 41. b4 Rxg3 42. b5 Rg4 43. Nd3 Nd7 44. a4 f5 45. Kb2 f4 46. Kc3 f3 47. Rxd7 Rg3 48. Rd4 g5 49. hxg6 f2 50. Rf4 1-0

[Event "MNT-ch U20"]
[Site "Pljevlja"]
[Date "2015.06.16"]
[Round "2"]
[White "Krstonijevic, Bozidar"]
[Black "Lukic, Lazar"]
[Result "1-0"]
[WhiteElo "1754"]
[BlackElo "1965"]
[PlyCount "81"]
[EventDate "2015.06.15"]
[EventType "swiss"]
[EventRounds "7"]
[EventCountry "MNE"]
[SourceTitle "EXT 2018"]
[Source "ChessBase"]
[SourceDate "2017.10.13"]
[SourceVersion "1"]
[SourceVersionDate "2017.10.13"]
[SourceQuality "1"]

1. d4 d5 2. c4 e6 3. cxd5 exd5 4. Nf3 Nf6 5. Bg5 Be7 6. Nc3 c6 7. e3 0-0 8. Bd3 Nbd7 9. Qc2 Re8 10. h3 Nf8 11. 0-0 Be6 12. a3 a6 13. Ne5 c5 14. dxc5 Bxc5 15. Rac1 Rc8 16. b4 Be7 17. Rfd1 h6 18. Bh4 N6d7 19. Bxe7 Rxe7 20. Nf3 Nb6 21. Qb2 Rec7 22. Nd4 Qg5 23. Nxe6 fxe6 24. Ne2 Qf6 25. Qxf6 gxf6 26. Rxc7 Rxc7 27. Rc1 Rxc1+ 28. Nxc1 Nc4 29. Nb3 Nd7 30. Bxc4 dxc4 31. Na5 c3 32. Kf1 c2 33. Nb3 Ne5 34. Ke2 Nc4 35. a4 a5 36. Kd3 Ne5+ 37. Kxc2 axb4 38. Nc5 Nc6 39. Nxe6 Kf7 40. Nc5 Na5 41. Nd3 1-0

[Event "Petrovac op"]
[Site "Petrovac"]
[Date "2015.05.08"]
[Round "1"]
[White "Lukic, Lazar"]
[Black "Ivanov, Mikhail M"]
[Result "0-1"]
[WhiteElo "1986"]
[BlackElo "2384"]
[PlyCount "48"]
[EventDate "2015.05.08"]
[EventType "swiss"]
[EventRounds "9"]
[EventCountry "MNE"]
[SourceTitle "CBM 166 Extra"]
[Source "ChessBase"]
[SourceDate "2015.06.18"]
[SourceVersion "1"]
[SourceVersionDate "2015.06.18"]
[SourceQuality "1"]

1. e4 c5 2. Nf3 Nc6 3. d4 cxd4 4. Nxd4 g6 5. c4 Nf6 6. Nc3 d6 7. Be2 Nxd4 8. Qxd4 Bg7 9. Bg5 0-0 10. Qd2 a5 11. 0-0 a4 12. Bh6 Bxh6 13. Qxh6 Qa5 14. Qe3 Be6 15. Nd5 Bxd5 16. exd5 Rfe8 17. b4 axb3 18. axb3 Qxa1 19. Rxa1 Rxa1+ 20. Bf1 h5 21. g3 Ng4 22. Qe4 Rea8 23. Kg2 R8a2 24. Be2 Re1 0-1

[Event "Podgorica Buducnost op 1st"]
[Site "Podgorica"]
[Date "2015.03.18"]
[Round "3"]
[White "Lukic, Lazar"]
[Black "Vukcevic, Nemanja"]
[Result "0-1"]
[WhiteElo "1938"]
[BlackElo "2188"]
[PlyCount "144"]
[EventDate "2015.03.16"]
[EventType "swiss"]
[EventRounds "7"]
[EventCountry "MNE"]
[SourceTitle "EXT 2018"]
[Source "ChessBase"]
[SourceDate "2017.10.13"]
[SourceVersion "1"]
[SourceVersionDate "2017.10.13"]
[SourceQuality "1"]

1. e4 c5 2. Nf3 d6 3. d4 cxd4 4. Nxd4 Nf6 5. Nc3 Nc6 6. Be2 e5 7. Nf3 h6 8. 0-0 Be6 9. Re1 Be7 10. Bf1 0-0 11. Nd5 Bg4 12. c3 Nxd5 13. exd5 Nb8 14. b3 Nd7 15. Be2 Rc8 16. c4 Bh5 17. Nd2 Bg6 18. Nf1 Bg5 19. Bxg5 hxg5 20. Ng3 f5 21. f3 Qf6 22. Bd3 Rf7 23. Rc1 b6 24. b4 Re7 25. Bb1 Rce8 26. Rf1 Rf7 27. Re1 Qd8 28. Qd2 Kh7 29. a3 Rh8 30. Bd3 Qf6 31. Rcd1 Ra8 32. Ra1 Kh8 33. Ra2 a5 34. Bf1 Bh7 35. Nh5 Qd8 36. Ng3 Bg8 37. Bd3 g6 38. Rb1 Rh7 39. Rba1 Qf6 40. Bc2 Qd8 41. Bd3 Rh4 42. Rc1 Ra7 43. Bb1 Rd4 44. Qc3 Qa8 45. Ne2 Rh4 46. Qd2 Qd8 47. Ng3 Bh7 48. Rc3 Kg7 49. Rc1 Kf6 50. Qe3 Qc7 51. Qd3 Ra8 52. Qe2 Bg8 53. Qd3 Rd4 54. Qc3 Rc8 55. Ne2 Rxc4 56. Qxc4 Qxc4 57. Rxc4 Rxc4 58. Bd3 Rc7 59. Bb5 Bxd5 60. Rd2 Ke6 61. Bxd7+ Rxd7 62. Nc3 Bc4 63. Na4 Rb7 64. Nb2 d5 65. Na4 axb4 66. axb4 d4 67. Rc2 Bb5 68. Nb2 Kd7 69. Kf2 Rc7 70. Rd2 Ke6 71. Nd1 Rc4 72. Rb2 e4 0-1

[Event "Podgorica Buducnost op 1st"]
[Site "Podgorica"]
[Date "2015.03.17"]
[Round "2"]
[White "Vuckovic, Marko"]
[Black "Lukic, Lazar"]
[Result "0-1"]
[WhiteElo "1715"]
[BlackElo "1938"]
[PlyCount "94"]
[EventDate "2015.03.16"]
[EventType "swiss"]
[EventRounds "7"]
[EventCountry "MNE"]
[SourceTitle "EXT 2018"]
[Source "ChessBase"]
[SourceDate "2017.10.13"]
[SourceVersion "1"]
[SourceVersionDate "2017.10.13"]
[SourceQuality "1"]

1. e4 e5 2. Nf3 Nc6 3. d4 exd4 4. Nxd4 Bc5 5. Nb3 Bb6 6. Nc3 d6 7. a4 a6 8. Nd5 Nf6 9. Bg5 Bxf2+ 10. Kxf2 Nxe4+ 11. Kg1 Nxg5 12. Bd3 Ne5 13. h3 0-0 14. Kh2 Be6 15. Nf4 Bxb3 16. cxb3 Nxd3 17. Qxd3 Ne6 18. Nxe6 fxe6 19. Qe4 Qc8 20. Rhe1 Rf6 21. Rac1 c6 22. b4 d5 23. Qe5 Qb8 24. Qxb8+ Rxb8 25. b5 axb5 26. axb5 Rc8 27. b4 Kf7 28. bxc6 Rxc6 29. b5 Rxc1 30. Rxc1 Kg6 31. b6 d4 32. Rc7 Rf7 33. Rc8 e5 34. Kg1 Rf6 35. Re8 Kf5 36. Re7 Rxb6 37. Rxg7 h6 38. g4+ Ke4 39. Kf2 Kd3 40. Rc7 e4 41. Rc1 e3+ 42. Kf3 e2 43. Ra1 Rf6+ 44. Kg2 Ke3 45. Ra3+ d3 46. Ra1 Rf2+ 47. Kg1 Rf1+ 0-1

[Event "MNT-chT 1st League"]
[Site "Podgorica"]
[Date "2014.09.14"]
[Round "6.4"]
[White "Lutovac, Maksim"]
[Black "Lukic, Lazar"]
[Result "1/2-1/2"]
[WhiteElo "2204"]
[BlackElo "1830"]
[PlyCount "64"]
[EventDate "2014.08.29"]
[EventType "team-tourn"]
[EventRounds "9"]
[EventCountry "MNE"]
[SourceTitle "EXT 2018"]
[Source "ChessBase"]
[SourceDate "2017.10.13"]
[SourceVersion "1"]
[SourceVersionDate "2017.10.13"]
[SourceQuality "1"]
[WhiteTeam "Mornar"]
[BlackTeam "Omladinac Buducnost"]
[WhiteTeamCountry "MNE"]
[BlackTeamCountry "MNE"]

1. e4 e5 2. Nf3 Nc6 3. Bb5 a6 4. Bxc6 dxc6 5. d4 exd4 6. Qxd4 Qxd4 7. Nxd4 Nf6 8. f3 Bd7 9. Be3 0-0-0 10. Nd2 c5 11. Ne2 Bb5 12. Nc3 Bc6 13. 0-0-0 b6 14. Nc4 Nd7 15. Bf4 b5 16. Ne3 h6 17. Ncd5 Bd6 18. Bxd6 cxd6 19. Ne7+ Kc7 20. N7f5 g6 21. Nxd6 Ne5 22. f4 Rxd6 23. fxe5 Rxd1+ 24. Rxd1 Bxe4 25. Rd6 Re8 26. Rxa6 Rxe5 27. Rf6 Re7 28. Kd2 Kd8 29. a3 Rd7+ 30. Ke2 Ke7 31. Rb6 Rb7 32. Rxb7+ Bxb7 1/2-1/2

[Event "MNT-chT 1st League"]
[Site "Podgorica"]
[Date "2014.09.13"]
[Round "5.4"]
[White "Lukic, Lazar"]
[Black "Borozan, Nikola"]
[Result "1/2-1/2"]
[WhiteElo "1830"]
[BlackElo "2079"]
[PlyCount "67"]
[EventDate "2014.08.29"]
[EventType "team-tourn"]
[EventRounds "9"]
[EventCountry "MNE"]
[SourceTitle "EXT 2018"]
[Source "ChessBase"]
[SourceDate "2017.10.13"]
[SourceVersion "1"]
[SourceVersionDate "2017.10.13"]
[SourceQuality "1"]
[WhiteTeam "Omladinac Buducnost"]
[BlackTeam "Cetinje"]
[WhiteTeamCountry "MNE"]
[BlackTeamCountry "MNE"]

1. e4 e5 2. Nf3 Nc6 3. Bc4 Bc5 4. c3 Nf6 5. d3 0-0 6. Bb3 d5 7. Nbd2 dxe4 8. dxe4 Nh5 9. 0-0 Qf6 10. Nc4 Nf4 11. Bxf4 Qxf4 12. Qd5 Bb6 13. Nxb6 axb6 14. Qd3 Bg4 15. Bd5 Rad8 16. Qe3 Qf6 17. Qg5 Qxg5 18. Nxg5 h6 19. Nf3 Bxf3 20. gxf3 Rd6 21. Rad1 Rfd8 22. Rd3 Ne7 23. Rfd1 Kf8 24. Kf1 Ng6 25. Bc4 Rxd3 26. Rxd3 Rxd3 27. Bxd3 Ke7 28. Ke1 Nf4 29. Bf1 Kf6 30. Kd2 Kg5 31. Ke3 g6 32. Kd2 f5 33. Ke3 Kh4 34. Kd2 1/2-1/2

[Event "MNT-chT 1st League"]
[Site "Podgorica"]
[Date "2014.08.30"]
[Round "2.4"]
[White "Jeknic, Velimir"]
[Black "Lukic, Lazar"]
[Result "0-1"]
[WhiteElo "1887"]
[BlackElo "1830"]
[PlyCount "76"]
[EventDate "2014.08.29"]
[EventType "team-tourn"]
[EventRounds "9"]
[EventCountry "MNE"]
[SourceTitle "EXT 2018"]
[Source "ChessBase"]
[SourceDate "2017.10.13"]
[SourceVersion "1"]
[SourceVersionDate "2017.10.13"]
[SourceQuality "1"]
[WhiteTeam "Dijagonale"]
[BlackTeam "Omladinac Buducnost"]
[WhiteTeamCountry "MNE"]
[BlackTeamCountry "MNE"]

1. e4 e5 2. Nf3 Nc6 3. Bb5 a6 4. Ba4 Nf6 5. 0-0 Be7 6. Re1 b5 7. Bb3 d6 8. h3 Na5 9. c3 Nxb3 10. axb3 c5 11. d4 exd4 12. cxd4 0-0 13. Bf4 Bb7 14. Nbd2 Qb6 15. d5 Nd7 16. Nf1 Bf6 17. Qd2 Rfe8 18. Ng3 Ne5 19. Nh2 c4 20. Be3 Qd8 21. f4 Nd3 22. Reb1 Bh4 23. Nhf1 Rc8 24. bxc4 bxc4 25. b3 Bf6 26. Ra4 Nb2 27. Rxb2 c3 28. Qd3 cxb2 29. Nd2 Rc3 30. Qe2 Rc1+ 31. Kh2 Qc7 32. Qd3 Qc2 33. Qxc2 Rxc2 34. Ngf1 Rc1 35. Rb4 Rxf1 36. Rxb7 Rd1 37. e5 dxe5 38. d6 Rxd2 0-1

[Event "MNT-ch sf"]
[Site "Podgorica"]
[Date "2014.07.26"]
[Round "5"]
[White "Loncar, Milenko"]
[Black "Lukic, Lazar"]
[Result "1-0"]
[WhiteElo "2012"]
[BlackElo "1757"]
[PlyCount "73"]
[EventDate "2014.07.24"]
[EventType "swiss"]
[EventRounds "7"]
[EventCountry "MNE"]
[SourceTitle "CBM 161 Extra"]
[Source "ChessBase"]
[SourceDate "2014.08.29"]
[SourceVersion "1"]
[SourceVersionDate "2014.08.29"]
[SourceQuality "1"]

1. Nf3 d5 2. g3 c5 3. Bg2 Nc6 4. 0-0 e5 5. d3 f6 6. c4 d4 7. e3 dxe3 8. fxe3 Be6 9. Nc3 Qd7 10. Qb3 0-0-0 11. Rd1 Nge7 12. e4 Nd4 13. Nxd4 exd4 14. Nd5 Nc6 15. Bf4 Ne5 16. Qa3 Kb8 17. Qa5 Bd6 18. a3 Qc6 19. Qd2 g5 20. Bxe5 Bxe5 21. b4 Bxd5 22. exd5 Qd6 23. Rdb1 Rc8 24. Rb3 h5 25. Be4 h4 26. g4 Rhf8 27. Rab1 Rc7 28. a4 cxb4 29. Rxb4 Rc5 30. Rb5 Rc7 31. a5 Kc8 32. a6 b6 33. Qf2 Bf4 34. Kh1 Rc5 35. R5b2 Be3 36. Qf5+ Kd8 37. Qg6 1-0

[Event "MNT-ch sf"]
[Site "Podgorica"]
[Date "2014.07.25"]
[Round "3"]
[White "Sobic, Dragan"]
[Black "Lukic, Lazar"]
[Result "1/2-1/2"]
[WhiteElo "1968"]
[BlackElo "1757"]
[PlyCount "65"]
[EventDate "2014.07.24"]
[EventType "swiss"]
[EventRounds "7"]
[EventCountry "MNE"]
[SourceTitle "CBM 161 Extra"]
[Source "ChessBase"]
[SourceDate "2014.08.29"]
[SourceVersion "1"]
[SourceVersionDate "2014.08.29"]
[SourceQuality "1"]

1. e4 e5 2. Nf3 Nc6 3. Bc4 Bc5 4. c3 Nf6 5. Qe2 d6 6. h3 0-0 7. 0-0 a6 8. d3 Be6 9. b4 Ba7 10. Bb3 Bxb3 11. axb3 Ne7 12. Bg5 Ng6 13. Nbd2 h6 14. Be3 Re8 15. Nc4 Bxe3 16. fxe3 d5 17. exd5 Nxd5 18. Rac1 Qe7 19. Ncd2 Nf6 20. Rf2 e4 21. dxe4 Nxe4 22. Nxe4 Qxe4 23. Re1 Rad8 24. Nd4 Rd7 25. Rf3 Ne5 26. Rg3 Qd3 27. Qxd3 Nxd3 28. Rf1 Kh7 29. Nf5 f6 30. Nd4 Ne5 31. Rf5 Rde7 32. Rf1 Rd7 33. Re1 1/2-1/2

[Event "MNT-ch sf"]
[Site "Podgorica"]
[Date "2014.07.24"]
[Round "1"]
[White "Lukic, Lazar"]
[Black "Rovcanin, Zeljko"]
[Result "0-1"]
[WhiteElo "1757"]
[BlackElo "2173"]
[PlyCount "80"]
[EventDate "2014.07.24"]
[EventType "swiss"]
[EventRounds "7"]
[EventCountry "MNE"]
[SourceTitle "CBM 161 Extra"]
[Source "ChessBase"]
[SourceDate "2014.08.29"]
[SourceVersion "1"]
[SourceVersionDate "2014.08.29"]
[SourceQuality "1"]

1. e4 d6 2. d4 Nf6 3. Nc3 Nbd7 4. Be3 a6 5. f3 b5 6. Qd2 Bb7 7. g4 Nb6 8. h4 Nc4 9. Bxc4 bxc4 10. Qe2 d5 11. Nxd5 Nxd5 12. exd5 Qxd5 13. c3 e6 14. Kf2 Be7 15. Bf4 c5 16. Qe5 f6 17. Qxd5 Bxd5 18. Ne2 Kf7 19. Rab1 Rhc8 20. h5 Ra7 21. Rbc1 Rb7 22. Rc2 Rc6 23. Bc1 Rcb6 24. Nf4 Bc6 25. Re2 Bd7 26. a3 cxd4 27. cxd4 Rb3 28. Rc2 Bc6 29. Rh3 e5 30. dxe5 fxe5 31. Ne2 Bd5 32. Nc3 Be6 33. Rh1 Bc5+ 34. Kg2 Bd4 35. Ne4 Kg8 36. Re1 Bd5 37. Nc3 Bc6 38. Ree2 Rf7 39. Ne4 Rfxf3 40. Rxc4 Rg3+ 0-1

[Event "SRB Central-ch op-B 7th"]
[Site "Paracin"]
[Date "2014.07.08"]
[Round "5"]
[White "Kostic, Tomislav"]
[Black "Lukic, Lazar"]
[Result "0-1"]
[WhiteElo "2023"]
[BlackElo "1757"]
[PlyCount "91"]
[EventDate "2014.07.04"]
[EventType "swiss"]
[EventRounds "9"]
[EventCountry "SRB"]
[SourceTitle "CBM 161 Extra"]
[Source "ChessBase"]
[SourceDate "2014.08.29"]
[SourceVersion "1"]
[SourceVersionDate "2014.08.29"]
[SourceQuality "1"]

1. e4 e5 2. Nf3 Nc6 3. Nc3 Nf6 4. Bb5 Bb4 5. 0-0 0-0 6. d3 d6 7. Bg5 Ne7 8. Qe2 Bxc3 9. bxc3 Ng6 10. Rfe1 h6 11. Bc1 Nh5 12. d4 c6 13. Ba4 Qf6 14. Rb1 b5 15. Bb3 Bg4 16. Qd1 Nh4 17. Re3 Nxf3+ 18. gxf3 Bh3 19. f4 Qg6+ 20. Rg3 Nxg3 21. fxg3 Qxe4 22. Qd2 exd4 23. cxd4 Rfe8 24. Ba3 Qe2 25. Qxe2 Rxe2 26. Bxd6 Be6 27. a4 Bxb3 28. cxb3 Rae8 29. axb5 cxb5 30. Bc5 a5 31. Rd1 Re1+ 32. Rxe1 Rxe1+ 33. Kf2 Re8 34. Bb6 a4 35. bxa4 bxa4 36. Bc5 f5 37. h3 Ra8 38. Ba3 Kf7 39. g4 g6 40. d5 Rb8 41. d6 Ke6 42. g5 h5 43. Kg3 Rb3+ 44. Kh4 Rxa3 45. d7 Rxh3+ 46. Kxh3 0-1

[Event "SRB Central-ch op-B 7th"]
[Site "Paracin"]
[Date "2014.07.04"]
[Round "1"]
[White "Floricelovic, Milos"]
[Black "Lukic, Lazar"]
[Result "1/2-1/2"]
[WhiteElo "2067"]
[BlackElo "1757"]
[PlyCount "92"]
[EventDate "2014.07.04"]
[EventType "swiss"]
[EventRounds "9"]
[EventCountry "SRB"]
[SourceTitle "CBM 161 Extra"]
[Source "ChessBase"]
[SourceDate "2014.08.29"]
[SourceVersion "1"]
[SourceVersionDate "2014.08.29"]
[SourceQuality "1"]

1. e4 e5 2. Nf3 Nc6 3. Bb5 a6 4. Ba4 Nf6 5. 0-0 Be7 6. Re1 b5 7. Bb3 d6 8. c3 Na5 9. Bc2 0-0 10. d4 Bg4 11. dxe5 Bxf3 12. Qxf3 dxe5 13. Nd2 Qd7 14. h3 c6 15. Nf1 Nc4 16. Rd1 Qc7 17. Ng3 Nd6 18. a4 Rfd8 19. b3 Nfe8 20. Bb2 g6 21. c4 Bf6 22. c5 Nb7 23. b4 Bg7 24. Bb3 Rxd1+ 25. Qxd1 a5 26. axb5 cxb5 27. Bd5 Rb8 28. Bxb7 Rxb7 29. Rxa5 Bf8 30. Qd5 Bg7 31. Ra8 Kf8 32. f4 exf4 33. Bxg7+ Kxg7 34. Nf5+ gxf5 35. Rxe8 Qd7 36. c6 Qxe8 37. cxb7 Qb8 38. Qd4+ Kg8 39. exf5 Qxb7 40. Qxf4 Qb6+ 41. Kh2 Qf6 42. Qb8+ Kg7 43. Qxb5 Qd8 44. Kg1 Qd4+ 45. Kf1 Qf4+ 46. Ke2 Qe4+ 1/2-1/2

[Event "EU-ch U14 23rd"]
[Site "Budva"]
[Date "2013.10.08"]
[Round "9"]
[White "Levitan, Tal"]
[Black "Lukic, Lazar"]
[Result "1-0"]
[WhiteElo "1760"]
[BlackElo "1738"]
[PlyCount "78"]
[EventDate "2013.09.29"]
[EventType "swiss"]
[EventRounds "9"]
[EventCountry "MNE"]
[SourceTitle "EXT 2014"]
[Source "ChessBase"]
[SourceDate "2013.11.20"]
[SourceVersion "1"]
[SourceVersionDate "2013.11.20"]
[SourceQuality "1"]

1. e4 e5 2. Nf3 Nc6 3. Nc3 Nf6 4. Bb5 d6 5. d4 exd4 6. Nxd4 Bd7 7. Bxc6 bxc6 8. Qf3 c5 9. Nf5 g6 10. Nh6 Be6 11. Bg5 Be7 12. e5 Nd7 13. Bxe7 Kxe7 14. exd6+ cxd6 15. Nd5+ Kf8 16. Qc3 f6 17. Nf4 Qe7 18. 0-0 Kg7 19. Qe3 Rhe8 20. Rae1 Nf8 21. Ng4 Kf7 22. Qc3 Kg7 23. Nd5 Qd8 24. Ndxf6 Kf7 25. Nxe8 Kxe8 26. Qg7 Qe7 27. Qxe7+ Kxe7 28. Ne3 Kd7 29. Rd1 Kc6 30. c4 Nd7 31. Nd5 Ne5 32. b3 Re8 33. f4 Nd7 34. Rfe1 Bf7 35. Rxe8 Bxe8 36. Re1 Bf7 37. Re7 Bg8 38. Rxd7 Bxd5 39. Rxh7 a6 1-0

[Event "EU-ch U14 23rd"]
[Site "Budva"]
[Date "2013.10.01"]
[Round "3"]
[White "Lazov, Toni"]
[Black "Lukic, Lazar"]
[Result "1-0"]
[WhiteElo "1975"]
[BlackElo "1738"]
[PlyCount "233"]
[EventDate "2013.09.29"]
[EventType "swiss"]
[EventRounds "9"]
[EventCountry "MNE"]
[SourceTitle "EXT 2014"]
[Source "ChessBase"]
[SourceDate "2013.11.20"]
[SourceVersion "1"]
[SourceVersionDate "2013.11.20"]
[SourceQuality "1"]

1. e4 e5 2. Nf3 Nc6 3. Bc4 Bc5 4. d3 Nf6 5. 0-0 d6 6. c3 Bb6 7. Nbd2 0-0 8. Bb3 h6 9. h3 Be6 10. Re1 Re8 11. Bc2 Qe7 12. Nf1 Rad8 13. Ng3 Nh7 14. d4 Bc8 15. Ba4 Bd7 16. d5 Nb8 17. Nf5 Qf6 18. Bxd7 Nxd7 19. Nh2 Qg6 20. Ng4 Nhf6 21. Qf3 Nxg4 22. hxg4 Nf6 23. g5 hxg5 24. g4 Nd7 25. Kg2 f6 26. a4 a6 27. Bd2 Kf7 28. b4 Rh8 29. Rh1 Rdg8 30. Rh3 Rxh3 31. Qxh3 Ke8 32. Rh1 Qf7 33. a5 Ba7 34. Be3 Bb8 35. c4 Qf8 36. f3 Kf7 37. Kf2 Qd8 38. Qh7 Kf8 39. Qh3 Kf7 40. Qh5+ Kf8 41. b5 Qe8 42. Qxe8+ Kxe8 43. bxa6 bxa6 44. Rb1 g6 45. Ng3 Rh8 46. Kg2 Ke7 47. Ne2 Rc8 48. Nc3 c5 49. dxc6 Rxc6 50. Nd5+ Ke6 51. Rh1 Nf8 52. Rh8 Kf7 53. Nxf6 Rxc4 54. Rxf8+ Kxf8 55. Nd7+ Kf7 56. Nxb8 Rc8 57. Nxa6 Ra8 58. Nc7 Rxa5 59. Bxg5 Rc5 60. Nd5 Ke6 61. Kg3 Ra5 62. Be3 Ra3 63. Kh4 Kf7 64. Kg5 Rb3 65. f4 Rb1 66. fxe5 dxe5 67. Bd2 Rb2 68. Bc3 Re2 69. Nf6 Rc2 70. Bxe5 Rc5 71. Nd5 Rc6 72. Bd4 Rc4 73. Be3 Rxe4 74. Bf4 Ra4 75. Ne3 Ra5+ 76. Kh4 Kf6 77. g5+ Ke6 78. Kg4 Ra4 79. Ng2 Ra2 80. Nh4 Kf7 81. Nf3 Ra4 82. Kg3 Ra3 83. Be5 Ke6 84. Bf6 Ra6 85. Kf4 Ra4+ 86. Ke3 Ra6 87. Ke4 Ra2 88. Nd4+ Kf7 89. Nc6 Kg8 90. Ne5 Kh7 91. Kd5 Ra5+ 92. Ke6 Ra7 93. Be7 Kg7 94. Bf6+ Kh7 95. Ng4 Ra4 96. Nh6 Rh4 97. Nf7 Ra4 98. Nd6 Ra6 99. Kd7 Kg8 100. Be7 Kg7 101. Nc8 Kf7 102. Nd6+ Kg7 103. Ke6 Ra7 104. Ne8+ Kh7 105. Kf7 Rb7 106. Nf6+ Kh8 107. Ng4 Kh7 108. Ne5 Rb6 109. Nd7 Rb7 110. Nf8+ Kh8 111. Nxg6+ Kh7 112. Nf4 Rb6 113. Ne6 Rb8 114. g6+ Kh6 115. Bf8+ Kh5 116. g7 Rb7+ 117. Be7 1-0